| 000 | 00776nam a2200217 a 4500 | ||
|---|---|---|---|
| 001 | 13722 | ||
| 003 | BD-JhCC | ||
| 005 | 20240319125613.0 | ||
| 008 | 240319b2023 bg |||| ||a| 001 0 eng d | ||
| 020 | _a9789845063920 | ||
| 035 | _a(BD-JhCC)13722 | ||
| 040 |
_aBD-JhCC _dBD-JhCC |
||
| 041 | _aenglish | ||
| 082 |
_a327.5491 _bISL 2023 |
||
| 100 | _a Islam, Md Nazrul | ||
| 245 |
_a "Sharing" Ganges water : _b Indo-Bangladesh treaties and international law / _cMd Nazrul Islam . |
||
| 260 |
_aDhaka: _bThe University Press Limited; _c 2023. |
||
| 300 |
_axx,286 p. : _c22 cm. |
||
| 650 |
_a Bangladesh Foreign relations India _vGanges River (India and Bangladesh) _xWater rights _yInde Relations extérieures Bangladesh _zIndia Foreign relations Bangladesh |
||
| 942 |
_2ddc _cBK |
||
| 999 |
_c13722 _d13722 |
||